The Incredibles - Statistics

General Stats
  • This quiz has been taken 1,078 times
  • The average score is 9 of 17
Answer Stats
Hint Answer % Correct
Robert Parr Mr Incredible
94%
Daughter Violet
94%
Eldest Son Dash
92%
Helen Parr Elastigirl
85%
Robert's partner in crime Frozone
81%
Super villian Syndrome
73%
The colour of their suits Red
72%
Costume designer Edna Mode
67%
Power of daughter 1 Invisibility
57%
Power of eldest son Super speed
53%
Woman who works for the above Mirage
42%
Superhero killed by villain Gazerbeam
35%
Youngest Son Jac Jac
29%
Power of daughter 2 Force fields
28%
Official name of the robot Omnidroid
20%
Government agent Rick Dicker
12%
Robert Parr's boss Gilbert Huph
9%
No matching quizzes found
Score Distribution
Percent of People with Each Score
Percentile by Number Answered
Your Score History
You have not taken this quiz